00919nam a22002777a 45000010005000000030006000050050017000110080041000280200018000690400029000870500015001160820008001311000019001392450038001582600048001963000049002444900027002935050008003205200154003285210030004825210020005126500025005326500023005576500027005806500034006077680FISKH20250731083649.0250731b cb ||||| |||| 00| 0 eng d a9781577685784 aFISKHbengcFISKHdFISKH aPZ7.M462 H a546 aMayer, Mercer  aHarvest time / cBy Mercer Mayer  aGreensboro :bGingham Dog Press , c2004 .  a24 pages : bcolor illustrations ;c23 cm .  aFirst Reader vLevel 3 aG  aLittle Critter and his younger sister help their grandparents pick pumpkins and apples, take down the scarecrow, and do other chores at harvest time.8 a350 bLexile estimate 8 aG bRaz-Plus  aHarvesting vFiction aFarm lifevFiction aGrandparents vFiction aBrothers and sistersvFiction